000 00278nam a22001217a 4500
008 170307b xxu||||| |||| 00| 0 eng d
041 _aeng
080 _26 ED
_a611
100 _a6
101 _aSHM
245 _aORAL EMBRYOLOGY MICROSCOPIC ANATOMY
_cKITCHIN.P
942 _2udc
_cBK
999 _c6934
_d6934